El maestro Ibarra (Registro nro. 34153)
[ vista simple ]
| 000 -LEADER | |
|---|---|
| campo de control de longitud fija | 00822nam a2200217 i 4500 |
| 001 - NÚMERO DE CONTROL | |
| campo de control | 34153 |
| 003 - IDENTIFICADOR DE NÚMERO DE CONTROL | |
| campo de control | ES-MaACL |
| 005 - FECHA Y HORA DE LA ÚLTIMA TRANSACCIÓN | |
| campo de control | 20250727053335.0 |
| 007 - CAMPO FIJO DE DESCRIPCIÓN FÍSICA--INFORMACIÓN GENERAL | |
| campo de control de longitud fija | t| |
| 008 - DATOS DE LONGITUD FIJA--INFORMACIÓN GENERAL | |
| campo de control de longitud fija | 030204s1932 sp ||||1| spa d |
| 100 1# - ENTRADA PRINCIPAL--NOMBRE DE PERSONA | |
| Nombre de persona | Blanco-Belmonte, Marcos Rafael. |
| 9 (RLIN) | 29226 |
| 245 13 - MENCIÓN DEL TÍTULO | |
| Título | El maestro Ibarra |
| Resto del título | : homenaje que la casa Gans, al celebrar sus bodas de oro, dedica al gran impresor Joaquín Ibarra / |
| Mención de responsabilidad, etc. | por M. R. Blanco Belmonte, R. de Córdoba y M. White. |
| 260 ## - PUBLICACIÓN, DISTRIBUCIÓN, ETC. | |
| Lugar de publicación, distribución, etc. | [Madrid] : |
| Nombre del editor, distribuidor, etc. | Richard Gans, |
| Fecha de publicación, distribución, etc. | [1932] |
| 300 ## - DESCRIPCIÓN FÍSICA | |
| Extensión | VII, 94 p. : |
| Otras características físicas | il. ; |
| Dimensiones | 27 cm. |
| 600 17 - PUNTO DE ACCESO ADICIONAL DE MATERIA--NOMBRE DE PERSONA | |
| Nombre de persona | Ibarra, Joaquín, |
| Fechas asociadas al nombre | 1725-1785 |
| Fuente del encabezamiento o término | embne |
| 9 (RLIN) | 172326 |
| 700 1# - ENTRADA AGREGADA--NOMBRE PERSONAL | |
| Nombre de persona | Córdoba, R. de. |
| 9 (RLIN) | 40546 |
| 700 1# - ENTRADA AGREGADA--NOMBRE PERSONAL | |
| Nombre de persona | White, M. |
| 9 (RLIN) | 116674 |
| 710 2# - ENTRADA AGREGADA--NOMBRE DE ENTIDAD CORPORATIVA | |
| Nombre de entidad corporativa o nombre de jurisdicción como elemento de entrada | Fundición Tipográfica de Richard Gans (Madrid) |
| 9 (RLIN) | 134818 |
| 852 ## - LOCALIZACIÓN | |
| Ubicación | ES-MaACL |
| Número de control de estantería | A-1174 |
| Estatus retirado | Estado de pérdida | Estado de daño | No para préstamo | Biblioteca de origen | Biblioteca actual | Ubicación en estantería | Fecha de adquisición | Fuente de adquisición | Total de préstamos | Signatura topográfica completa | Código de barras | Visto por última vez | Precio de reemplazo | Tipo de ítem Koha |
|---|---|---|---|---|---|---|---|---|---|---|---|---|---|---|
| Biblioteca del Ateneo de Madrid | Biblioteca del Ateneo de Madrid | Sala Pecera Planta 1 | 17/01/2008 | A-1174 | 1035605 | 23/02/2023 | 23/02/2023 | Libro impreso |
